derivative rules/identities - Statistics

General Stats
  • This quiz has been taken 74 times
    60 since last reset
  • The average score is 4 of 9
Answer Stats
d/dx identity % Correct
sin x cos x
100%
cos x -sin x
100%
tan x sec^2 x
46%
sin x / x 1
40%
x / sin x 1
40%
sec x sec x tan x
32%
csc x -csc x cot x
30%
cot x -csc^2 x
26%
(cos h - 1)/1 0
22%
No matching quizzes found
Score Distribution
Percent of People with Each Score
Percentile by Number Answered
Your Score History
You have not taken this quiz since the last reset